| 000 | 00678nam a22001937a 4500 | ||
|---|---|---|---|
| 999 |
_c181958 _d181958 |
||
| 005 | 20211012111014.0 | ||
| 010 | _aB-741747 | ||
| 020 |
_c750.00 _a9788194920687 |
||
| 035 | _aB-741747 | ||
| 037 | _bGift | ||
| 082 | _a821 | ||
| 100 | _aKhandelwal,Rajiv | ||
| 245 |
_aTeach / Learn Poetry Writing: _bLet's crawl / _cRajiv Khandelwal |
||
| 260 |
_bThe Poetry Society of India _aHaryana _c2021 |
||
| 270 |
_aH-23/16, DLF Phase-I, Gurugram _bHaryana _e122002 _mthepoetrysoindia@gmail.com; mgwebguru@gmail.com _k0124-4054392, 098118-42292 |
||
| 300 |
_a84p. _c22cm(hbk) |
||
| 942 |
_2ddc _cCH _h821 _mRAJ |
||